000 00522nam a22001697a 4500
003 UA-OsUOA
001 9951
007 ta
008 20041216b un ||||| |||| 00| 0 ukr d
942 _cSA
040 _aUA-OsUOA
_cUA-OsUOA
_dUA-OsUOA
245 _aПро внесення змін до Конституції України : Закон України , 8 груд.2004 р.N 2222-IV
300 _aС.2-3
955 _a0
773 0 _w0
_tГолос України
_dКиїв
_d2004
_gN233/ Спец.вип./
650 7 _2UDC
999 _c296112
_d296112